Flat roofs (Record no. 74542)
[ view plain ]
| 000 -LEADER | |
|---|---|
| fixed length control field | 01369cab a2200277 4500 |
| 001 - CONTROL NUMBER | |
| control field | ABS68190 |
| 008 - FIXED-LENGTH DATA ELEMENTS--GENERAL INFORMATION | |
| fixed length control field | 040923n2004 000 0 eng u |
| 035 ## - SYSTEM CONTROL NUMBER | |
| System control number | (Sirsi) u127493 |
| 100 ## - MAIN ENTRY--PERSONAL NAME | |
| Personal name | Shaw, P. |
| 245 ## - TITLE STATEMENT | |
| Title | Flat roofs |
| 260 ## - PUBLICATION, DISTRIBUTION, ETC. | |
| Date of publication, distribution, etc. | 2004 |
| 490 ## - SERIES STATEMENT | |
| Series statement | Letting Update Journal |
| Volume/sequential designation | 12(2) July 2004, 18-19(2) |
| 520 ## - SUMMARY, ETC. | |
| Summary, etc. | Gives practical advice on some of the common problems associated with flat roofs. Flat roofs are not usually used for the whole roofing of houses or bungalows but are commonly found over porches, extensions, garages and bay windows as well as on purpose built blocks of flats. Whereas traditional pitched roofs can be expected to last more than 100 years without replacement, flat roofs will need replacing after 10-20 years. Examines the different kinds of roof coverings used for flat roofs and the three standard ways of insulating these roofs. Looks at the problems of poor construction, drainage and the build up of rubbish and recommends regular inspections of the roof area. Lists further sources of information. |
| 590 ## - LOCAL NOTE (RLIN) | |
| Local note | ABS |
| 650 ## - SUBJECT ADDED ENTRY--TOPICAL TERM | |
| Topical term or geographic name entry element | INSULATION |
| 650 ## - SUBJECT ADDED ENTRY--TOPICAL TERM | |
| Topical term or geographic name entry element | EXTENSIONS |
| 650 ## - SUBJECT ADDED ENTRY--TOPICAL TERM | |
| Topical term or geographic name entry element | PORCHES |
| 650 ## - SUBJECT ADDED ENTRY--TOPICAL TERM | |
| Topical term or geographic name entry element | ROOF COVERINGS |
| 650 ## - SUBJECT ADDED ENTRY--TOPICAL TERM | |
| Topical term or geographic name entry element | GARAGES |
| 650 ## - SUBJECT ADDED ENTRY--TOPICAL TERM | |
| Topical term or geographic name entry element | PITCHED ROOFS |
| 650 ## - SUBJECT ADDED ENTRY--TOPICAL TERM | |
| Topical term or geographic name entry element | FLAT ROOFS |
| 650 ## - SUBJECT ADDED ENTRY--TOPICAL TERM | |
| Topical term or geographic name entry element | BAY WINDOW |
| 650 ## - SUBJECT ADDED ENTRY--TOPICAL TERM | |
| Topical term or geographic name entry element | DRAINAGE |
| 690 ## - LOCAL SUBJECT ADDED ENTRY--TOPICAL TERM (OCLC, RLIN) | |
| Topical term or geographic name as entry element | BUILT ENVIRONMENT-BUILDING PATHOLOGY |
| 942 ## - ADDED ENTRY ELEMENTS (KOHA) | |
| Suppress in OPAC | 0 |
| Withdrawn status | Lost status | Source of classification or shelving scheme | Damaged status | Not for loan | Home library | Current library | Shelving location | Date acquired | Total Checkouts | Full call number | Barcode | Date last seen | Copy number | Price effective from | Koha item type |
|---|---|---|---|---|---|---|---|---|---|---|---|---|---|---|---|
| Dewey Decimal Classification | London | London | Journal article | 23/09/2004 | ABS68190 | 127493-1001 | 06/08/2019 | 1 | 06/08/2019 | Journal article |